IFM Opac

The concise handbook of management (Record no. 20485)

MARC details
000 -LEADER
fixed length control field 00309nam a22001337a 4500
020 ## - INTERNATIONAL STANDARD BOOK NUMBER
International Standard Book Number 0789026481
082 ## - DEWEY DECIMAL CLASSIFICATION NUMBER
Classification number 658 SCO
100 ## - MAIN ENTRY--PERSONAL NAME
Personal name SCOTT, Jonathan
245 ## - TITLE STATEMENT
Title The concise handbook of management
260 ## - PUBLICATION, DISTRIBUTION, ETC.
Place of publication, distribution, etc. New york
Name of publisher, distributor, etc. Haworth
Date of publication, distribution, etc. 2005
300 ## - PHYSICAL DESCRIPTION
Extent xix,258
Other physical details ill,
500 ## - GENERAL NOTE
General note includes index
942 ## - ADDED ENTRY ELEMENTS (KOHA)
Koha item type Books
Holdings
Withdrawn status Lost status Damaged status Not for loan Home library Current library Shelving location Date acquired Total Checkouts Full call number Barcode Date last seen Price effective from Koha item type
        IFM Simiyu Campus Library IFM Simiyu Campus Library Simiyu Campus 08/22/2019   658 SCO 0000019381 08/22/2019 02/19/2022 Books